[Event "CRO-chT3B Center North"]
[Site "Croatia"]
[Date "2016.04.10"]
[Round "2.3"]
[White "Egri, Laszlo Jr"]
[Black "Matkun, Emerik"]
[Result "1/2-1/2"]
[WhiteElo "2274"]
[BlackElo "1970"]
[PlyCount "29"]
[EventDate "2016.04.03"]
[EventType "team-tourn"]
[EventRounds "9"]
[EventCountry "CRO"]
[SourceTitle "EXT 2019"]
[Source "ChessBase"]
[SourceDate "2018.10.10"]
[SourceVersion "1"]
[SourceVersionDate "2018.10.10"]
[SourceQuality "1"]

1. Nf3 d5 2. c4 d4 3. e3 dxe3 4. fxe3 Nf6 5. Nc3 Bg4 6. d4 e6 7. Bd3 Nc6 8. 0-0 Be7 9. Qe1 Nb4 10. Bb1 c5 11. a3 Bxf3 12. axb4 cxd4 13. Rxf3 dxc3 14. Qxc3 Qd6 15. c5 1/2-1/2

[Event "CRO-chT4B Center North"]
[Site "Croatia"]
[Date "2014.04.27"]
[Round "3.3"]
[White "Jancikic, Matija"]
[Black "Matkun, Emerik"]
[Result "0-1"]
[WhiteElo "1754"]
[BlackElo "1996"]
[PlyCount "70"]
[EventDate "2014.04.06"]
[EventType "team-tourn"]
[EventRounds "9"]
[EventCountry "CRO"]
[SourceTitle "EXT 2019"]
[Source "ChessBase"]
[SourceDate "2018.10.10"]
[SourceVersion "1"]
[SourceVersionDate "2018.10.10"]
[SourceQuality "1"]

1. e4 e6 2. d4 d5 3. Nc3 Bb4 4. Bd3 c5 5. exd5 exd5 6. Be3 Nf6 7. Bb5+ Nc6 8. Nge2 0-0 9. a3 cxd4 10. Bxd4 Nxd4 11. Qxd4 Ba5 12. 0-0 a6 13. Ba4 b5 14. Bb3 Bg4 15. Qd3 Rc8 16. h3 Bh5 17. Nf4 Bxc3 18. bxc3 Bg6 19. Nxg6 hxg6 20. a4 Qb6 21. axb5 axb5 22. Rab1 Qc5 23. Ba2 Rb8 24. Rfe1 Ne4 25. Re3 Rfd8 26. Rb4 Nf6 27. Qd4 Rbc8 28. Qd3 Rb8 29. Qd4 Rbc8 30. Qd3 Rb8 31. Re5 Qd6 32. Re1 Qc5 33. Re5 Ra8 34. Rxb5 Qd6 35. Bxd5 Ra1+ 0-1

[Event "Ptuj op 01"]
[Site "Ptuj"]
[Date "2014.01.26"]
[Round "9"]
[White "Matkun, Emerik"]
[Black "Licina, Milos"]
[Result "1-0"]
[WhiteElo "2065"]
[BlackElo "1869"]
[PlyCount "121"]
[EventDate "2014.01.17"]
[EventType "swiss"]
[EventRounds "9"]
[EventCountry "SLO"]
[SourceTitle "EXT 2016"]
[Source "ChessBase"]
[SourceDate "2015.10.08"]
[SourceVersion "1"]
[SourceVersionDate "2015.10.08"]
[SourceQuality "1"]

1. d4 d5 2. c4 e6 3. Nc3 Nf6 4. Bg5 Nbd7 5. Nf3 c6 6. Rc1 Qa5 7. Bd2 dxc4 8. e4 Bb4 9. Bxc4 Qh5 10. e5 Nd5 11. 0-0 Bxc3 12. bxc3 0-0 13. Be2 f5 14. c4 Nc7 15. Ng5 Qe8 16. Bb4 c5 17. Bxc5 Nxc5 18. dxc5 Qe7 19. Qd6 Qxg5 20. Qxc7 Rf7 21. Qd6 Rd7 22. Qxe6+ Kf8 23. f4 Qg6 24. Qxg6 hxg6 25. Rfd1 Rxd1+ 26. Rxd1 Be6 27. Rb1 Rc8 28. Rxb7 Rxc5 29. Rxa7 Bxc4 30. Bxc4 Rxc4 31. g3 Rc2 32. a4 g5 33. fxg5 Re2 34. Ra5 Kf7 35. h4 Kg6 36. Kf1 Re4 37. Ra6+ Kh5 38. e6 Kg4 39. Kf2 f4 40. gxf4 Kxf4 41. a5 Re5 42. g6 Kg4 43. Ra7 Rxe6 44. Rxg7 Ra6 45. Rg8 Kh5 46. g7 Kg6 47. h5+ Kh7 48. Rf8 Kxg7 49. Rf5 Re6 50. Kf3 Re1 51. Kf4 Kh6 52. Re5 Rb1 53. Ke4 Kg7 54. Kd5 Kf6 55. Re6+ Kg5 56. Kc6 Kf5 57. Rd6 Ke5 58. Rd5+ Ke6 59. Rb5 Ra1 60. Kb7 Kd6 61. a6 1-0

[Event "Ptuj op 01"]
[Site "Ptuj"]
[Date "2014.01.25"]
[Round "7"]
[White "Suta, Andraz"]
[Black "Matkun, Emerik"]
[Result "1-0"]
[WhiteElo "1918"]
[BlackElo "2065"]
[PlyCount "57"]
[EventDate "2014.01.17"]
[EventType "swiss"]
[EventRounds "9"]
[EventCountry "SLO"]
[SourceTitle "EXT 2016"]
[Source "ChessBase"]
[SourceDate "2015.10.08"]
[SourceVersion "1"]
[SourceVersionDate "2015.10.08"]
[SourceQuality "1"]

1. e4 e6 2. d4 d5 3. e5 c5 4. c3 Nc6 5. Nf3 Bd7 6. a3 Rc8 7. b4 cxd4 8. cxd4 Qb6 9. Be2 Nge7 10. 0-0 Nf5 11. Bb2 Be7 12. Qd3 0-0 13. Nbd2 f6 14. exf6 Bxf6 15. Nb3 Be7 16. Bc3 Be8 17. Nc5 Bg6 18. Nd7 Nfxd4 19. Nxb6 Bxd3 20. Nxd4 Bxe2 21. Nxc8 Nxd4 22. Nxe7+ Kf7 23. Bxd4 Bxf1 24. Kxf1 Ra8 25. Nxd5 exd5 26. Rc1 b6 27. Rc7+ Ke6 28. Rxg7 Kf5 29. f3 1-0

[Event "Ptuj op 01"]
[Site "Ptuj"]
[Date "2014.01.24"]
[Round "6"]
[White "Podkriznik, Aleksander"]
[Black "Matkun, Emerik"]
[Result "0-1"]
[WhiteElo "1796"]
[BlackElo "2065"]
[PlyCount "75"]
[EventDate "2014.01.17"]
[EventType "swiss"]
[EventRounds "9"]
[EventCountry "SLO"]
[SourceTitle "EXT 2016"]
[Source "ChessBase"]
[SourceDate "2015.10.08"]
[SourceVersion "1"]
[SourceVersionDate "2015.10.08"]
[SourceQuality "1"]

1. Nf3 d5 2. g3 c5 3. Bg2 Nc6 4. d3 e5 5. 0-0 f6 6. Re1 Bd6 7. Nbd2 Be6 8. e4 d4 9. h3 Qd7 10. Kh2 0-0-0 11. Bf1 Nge7 12. c3 Rdf8 13. Qe2 h5 14. Bg2 g5 15. Ng1 Ng6 16. a4 Bc7 17. Qf1 Rh7 18. Rd1 Rhf7 19. Qe2 Nce7 20. Rf1 h4 21. a5 g4 22. c4 hxg3+ 23. fxg3 gxh3 24. Bh1 Bg4 25. Bf3 f5 26. b3 Bxf3 27. Ndxf3 f4 28. gxf4 exf4 29. Ba3 Rg8 30. Rf2 Rfg7 31. Bxc5 Nh4 32. Bxd4 Qxd4 33. Nxd4 f3+ 34. Kh1 fxe2 35. Rxe2 Be5 36. Ne6 Bxa1 37. Nxg7 Rxg7 38. Nxh3 0-1

[Event "Ptuj op 01"]
[Site "Ptuj"]
[Date "2014.01.23"]
[Round "5"]
[White "Matkun, Emerik"]
[Black "Murko, David"]
[Result "0-1"]
[WhiteElo "2065"]
[BlackElo "1847"]
[PlyCount "88"]
[EventDate "2014.01.17"]
[EventType "swiss"]
[EventRounds "9"]
[EventCountry "SLO"]
[SourceTitle "EXT 2016"]
[Source "ChessBase"]
[SourceDate "2015.10.08"]
[SourceVersion "1"]
[SourceVersionDate "2015.10.08"]
[SourceQuality "1"]

1. d4 d5 2. c4 e6 3. Nc3 c6 4. Nf3 Nf6 5. Bg5 dxc4 6. e4 b5 7. e5 h6 8. Bh4 g5 9. Nxg5 hxg5 10. Bxg5 Nbd7 11. exf6 Bb7 12. Be2 Qb6 13. 0-0 0-0-0 14. Bf3 c5 15. Bxb7+ Qxb7 16. d5 Bd6 17. g3 Ne5 18. f4 Nd3 19. dxe6 fxe6 20. Qg4 Qd7 21. Ne4 Bc7 22. f5 exf5 23. Qxf5 Be5 24. f7 Rdf8 25. Be7 Bxb2 26. Rab1 c3 27. Nd6+ Kc7 28. Bxf8 Qxf5 29. Rxf5 c2 30. Nxb5+ Kd7 31. Rff1 cxb1Q 32. Rxb1 Rxf8 33. Rd1 c4 34. Rd2 Rxf7 35. Rc2 a6 36. Nc3 Kc6 37. Ne4 Bd4+ 38. Kh1 Ne1 39. Rxc4+ Kd5 40. Nd2 Be3 41. h4 Bxd2 42. Rc8 Rf2 43. Kg1 Be3 44. Re8 Nf3+ 0-1

[Event "Ptuj op 01"]
[Site "Ptuj"]
[Date "2014.01.18"]
[Round "3"]
[White "Kramberger, Mitja"]
[Black "Matkun, Emerik"]
[Result "1/2-1/2"]
[WhiteElo "1825"]
[BlackElo "2065"]
[PlyCount "120"]
[EventDate "2014.01.17"]
[EventType "swiss"]
[EventRounds "9"]
[EventCountry "SLO"]
[SourceTitle "EXT 2016"]
[Source "ChessBase"]
[SourceDate "2015.10.08"]
[SourceVersion "1"]
[SourceVersionDate "2015.10.08"]
[SourceQuality "1"]

1. d4 d5 2. c4 dxc4 3. Nf3 Nf6 4. Nc3 Bg4 5. Ne5 Bh5 6. Qa4+ c6 7. Qxc4 e6 8. Bg5 Be7 9. e4 0-0 10. f3 Qb6 11. 0-0-0 Na6 12. Bxf6 Bxf6 13. Nd7 Qa5 14. Nxf8 Rxf8 15. g4 Bg6 16. f4 h6 17. Be2 c5 18. e5 cxd4 19. Rxd4 Be7 20. Qb5 Qxb5 21. Nxb5 Bc5 22. Rc4 Be3+ 23. Kd1 Rd8+ 24. Nd6 b5 25. Rc8 Rxc8 26. Nxc8 Be4 27. Re1 Nb4 28. Bxb5 Bc2+ 29. Ke2 Bxf4 30. Kf3 Bxh2 31. a3 Nd5 32. Nxa7 Bb3 33. Bd3 f6 34. exf6 Nxf6 35. Be4 Bd6 36. Nb5 Bc5 37. Rc1 Bb6 38. Nd6 Nxe4 39. Kxe4 Bd5+ 40. Kd3 Bf3 41. Nc4 Ba7 42. Ne5 Bg2 43. b4 Kh7 44. a4 Bb8 45. Re1 h5 46. gxh5 Kh6 47. Nc6 Bf4 48. Rxe6+ Kxh5 49. b5 g5 50. a5 Bf1+ 51. Ke4 Bxb5 52. Nd4 Bc4 53. Re8 Bd2 54. Re5 Kg4 55. Rc5 Ba6 56. Ne6 Bb4 57. Rxg5+ Kh4 58. Rg7 Bxa5 59. Ra7 Bc4 60. Rxa5 Bxe6 1/2-1/2

[Event "CRO-chT3B Center North"]
[Site "Croatia"]
[Date "2013.10.06"]
[Round "6.1"]
[White "Kovac, Hrvoje"]
[Black "Matkun, Emerik"]
[Result "0-1"]
[WhiteElo "1898"]
[BlackElo "2059"]
[PlyCount "34"]
[EventDate "2013.04.14"]
[EventType "team-tourn"]
[EventRounds "9"]
[EventCountry "CRO"]
[SourceTitle "EXT 2019"]
[Source "ChessBase"]
[SourceDate "2018.10.10"]
[SourceVersion "1"]
[SourceVersionDate "2018.10.10"]
[SourceQuality "1"]

1. e4 e6 2. d4 d5 3. Nc3 Bb4 4. e5 c5 5. a3 Bxc3+ 6. bxc3 Ne7 7. Qg4 Nbc6 8. Qxg7 Rg8 9. Qxh7 cxd4 10. f4 Qa5 11. Ne2 dxc3 12. Qd3 Nb4 13. Qh7 Rg6 14. Nd4 Bd7 15. Nb3 Nxc2+ 16. Kd1 Qb6 17. Kxc2 Ba4 0-1

[Event "CRO-chT3B Center North"]
[Site "Croatia"]
[Date "2013.04.14"]
[Round "1.3"]
[White "Korenika, Miroslav"]
[Black "Matkun, Emerik"]
[Result "0-1"]
[WhiteElo "2195"]
[BlackElo "2059"]
[PlyCount "68"]
[EventDate "2013.04.14"]
[EventType "team-tourn"]
[EventRounds "9"]
[EventCountry "CRO"]
[SourceTitle "EXT 2019"]
[Source "ChessBase"]
[SourceDate "2018.10.10"]
[SourceVersion "1"]
[SourceVersionDate "2018.10.10"]
[SourceQuality "1"]

1. d4 d5 2. Nf3 Nf6 3. c3 Bg4 4. Ne5 Bh5 5. Qb3 Nbd7 6. Nxd7 Qxd7 7. Qxb7 Rd8 8. e4 c6 9. Qxd7+ Nxd7 10. exd5 cxd5 11. Bb5 Rb8 12. Bc6 e6 13. 0-0 Bd6 14. Nd2 Ke7 15. Re1 Nf6 16. Nf1 Rhc8 17. Ba4 a5 18. Ne3 Bg6 19. g3 Kd8 20. f3 h5 21. a3 h4 22. Kg2 hxg3 23. hxg3 Nh5 24. Nf1 Bd3 25. f4 Ke7 26. Bd1 Rh8 27. Bf3 g5 28. fxg5 Bxf1+ 29. Rxf1 Nxg3 30. Re1 Nf5 31. Bxd5 Rh2+ 32. Kg1 Bg3 33. Re4 Rbh8 34. Bb7 Bf2+ 0-1

[Event "CRO-chT3B Center North"]
[Site "Croatia"]
[Date "2012.10.27"]
[Round "9.31"]
[White "Matkun, Emerik"]
[Black "Turk, Karlo"]
[Result "1/2-1/2"]
[WhiteElo "2056"]
[BlackElo "2100"]
[PlyCount "99"]
[EventDate "2012.04.14"]
[EventType "team-tourn"]
[EventRounds "9"]
[EventCountry "CRO"]
[SourceTitle "EXT 2013"]
[Source "ChessBase"]
[SourceDate "2012.11.22"]
[SourceVersion "1"]
[SourceVersionDate "2012.11.22"]
[SourceQuality "1"]

1. d4 Nf6 2. c4 e6 3. Nc3 Bb4 4. Bd2 b6 5. a3 Bxc3 6. Bxc3 Bb7 7. f3 d6 8. e3 Nbd7 9. Bd3 0-0 10. Ne2 Qe7 11. 0-0 e5 12. e4 g6 13. d5 Nh5 14. g4 Nf4 15. Nxf4 exf4 16. Qd2 Ne5 17. Bc2 g5 18. Bxe5 Qxe5 19. b3 h5 20. gxh5 f6 21. Rad1 Kf7 22. Qd4 Rh8 23. Qxe5 fxe5 24. Rf2 Rxh5 25. Rc1 Rg8 26. Bd1 a5 27. b4 axb4 28. axb4 Ra8 29. c5 bxc5 30. bxc5 Ke7 31. Rb2 Ra7 32. Rcb1 Bc8 33. Rb8 Kd8 34. c6 Ra2 35. R1b2 Ra1 36. Rd2 Ra3 37. Kg2 Rh8 38. Be2 Ke7 39. Kg1 Ra1+ 40. Rd1 Ra2 41. Re1 Ra3 42. Rf1 Ra2 43. Rf2 Ra1+ 44. Bf1 Rf8 45. Rbb2 Bh3 46. Ra2 Re1 47. Rae2 Rd1 48. Rd2 Rc1 49. Rc2 Rb1 50. Rb2 1/2-1/2

[Event "CRO-chT3B Center North"]
[Site "Croatia"]
[Date "2012.10.13"]
[Round "7.41"]
[White "Matkun, Emerik"]
[Black "Maltar, Alberto"]
[Result "0-1"]
[WhiteElo "2056"]
[BlackElo "2130"]
[PlyCount "80"]
[EventDate "2012.04.14"]
[EventType "team-tourn"]
[EventRounds "9"]
[EventCountry "CRO"]
[SourceTitle "EXT 2013"]
[Source "ChessBase"]
[SourceDate "2012.11.22"]
[SourceVersion "1"]
[SourceVersionDate "2012.11.22"]
[SourceQuality "1"]

1. d4 Nf6 2. c4 g6 3. Nc3 d5 4. Nf3 Bg7 5. Qb3 dxc4 6. Qxc4 c6 7. e4 Be6 8. Qd3 b5 9. d5 cxd5 10. exd5 Nxd5 11. Qxb5+ Qd7 12. Bd2 a6 13. Qxd7+ Nxd7 14. Ng5 Nc7 15. Bf4 Ne5 16. Rc1 h6 17. Nxe6 Nxe6 18. Bxe5 Bxe5 19. g3 0-0 20. Bg2 Rab8 21. b3 Rbc8 22. Ne2 Bb2 23. Rxc8 Rxc8 24. Kd2 a5 25. Bh3 f5 26. g4 Ng5 27. Bg2 fxg4 28. Nf4 Kg7 29. Bd5 Rd8 30. Kc2 Bd4 31. Ne6+ Nxe6 32. Bxe6 h5 33. h3 Rd6 34. Bc4 Bxf2 35. hxg4 hxg4 36. Rd1 Rf6 37. Bf1 g3 38. Rd5 Be3 39. Kd3 Rxf1 40. Kxe3 g2 0-1

[Event "CRO-chT3B Center North"]
[Site "Croatia"]
[Date "2012.04.21"]
[Round "2.21"]
[White "Matkun, Emerik"]
[Black "Fodor, Ivan"]
[Result "1/2-1/2"]
[WhiteElo "2034"]
[BlackElo "2068"]
[PlyCount "97"]
[EventDate "2012.04.14"]
[EventType "team-tourn"]
[EventRounds "9"]
[EventCountry "CRO"]
[SourceTitle "EXT 2013"]
[Source "ChessBase"]
[SourceDate "2012.11.22"]
[SourceVersion "1"]
[SourceVersionDate "2012.11.22"]
[SourceQuality "1"]

1. d4 d5 2. c4 e6 3. Nc3 Nf6 4. Bg5 Be7 5. Nf3 0-0 6. e3 b6 7. Be2 Bb7 8. 0-0 Nbd7 9. Rc1 c5 10. Qa4 a6 11. Bxf6 Nxf6 12. dxc5 Bxc5 13. Rfd1 Qe7 14. cxd5 Nxd5 15. Ne4 b5 16. Qb3 Ba7 17. Bd3 Rfd8 18. Bb1 g6 19. h4 Nf6 20. Nfg5 h6 21. Qc3 Bxe4 22. Nxe4 Nxe4 23. Bxe4 Rac8 24. Rxd8+ Rxd8 25. h5 Qh4 26. hxg6 Bb8 27. gxf7+ Kxf7 28. Qc6 Be5 29. Qb7+ Kf6 30. g3 Bxg3 31. fxg3 Qxg3+ 32. Kf1 Qxe3 33. Qc6 Rd2 34. Qc3+ Qxc3 35. Rxc3 Rxb2 36. Ra3 Ke5 37. Bg6 Kf4 38. Bf7 e5 39. Rxa6 e4 40. Rxh6 e3 41. Ke1 Rb1+ 42. Ke2 Rb2+ 43. Kd1 Rb1+ 44. Kc2 e2 45. Rf6+ Kg5 46. Re6 e1Q 47. Rxe1 Rxe1 48. Kb3 Re4 49. Bd5 1/2-1/2

[Event "CRO-chT3B Center North"]
[Site "Croatia"]
[Date "2012.04.14"]
[Round "1.41"]
[White "Slamar, Velimir"]
[Black "Matkun, Emerik"]
[Result "0-1"]
[WhiteElo "2160"]
[BlackElo "2034"]
[PlyCount "90"]
[EventDate "2012.04.14"]
[EventType "team-tourn"]
[EventRounds "9"]
[EventCountry "CRO"]
[SourceTitle "EXT 2013"]
[Source "ChessBase"]
[SourceDate "2012.11.22"]
[SourceVersion "1"]
[SourceVersionDate "2012.11.22"]
[SourceQuality "1"]

1. e4 e6 2. d3 d5 3. Nd2 c5 4. Ngf3 Nc6 5. g3 d4 6. Bg2 e5 7. 0-0 Nf6 8. Nc4 Qc7 9. a4 Be6 10. Na3 Be7 11. Ng5 Qd7 12. Nxe6 Qxe6 13. f4 0-0 14. f5 Qd7 15. Nc4 h6 16. Bd2 Nh7 17. h4 Bf6 18. Rf2 Rfd8 19. Bh3 Rab8 20. Kh2 b6 21. Qh5 Qe7 22. Rg1 a6 23. Bc1 Nb4 24. Qd1 b5 25. axb5 axb5 26. Nd2 Ra8 27. Nf3 c4 28. Bf1 Ra1 29. dxc4 Na2 30. cxb5 Rxc1 31. Qd3 Qc5 32. Rgg2 Nb4 33. Qb3 Rc8 34. g4 Nxc2 35. g5 Ne3 36. gxf6 Nxg2 37. Rxg2 Nxf6 38. Bd3 Nh5 39. f6 Nxf6 40. Nd2 Nh5 41. Bc4 Qe7 42. Rg4 Qf6 43. Kg2 R8xc4 44. Qxc4 Rxc4 45. Nxc4 Qe6 0-1

[Event "CRO-chT3B Center North"]
[Site "Cakovec"]
[Date "2010.04.24"]
[Round "4.33"]
[White "Heric, Srecko"]
[Black "Matkun, Emerik"]
[Result "1-0"]
[WhiteElo "2065"]
[BlackElo "1942"]
[PlyCount "73"]
[EventDate "2010.03.27"]
[EventType "team-tourn"]
[EventRounds "9"]
[EventCountry "CRO"]
[SourceTitle "EXT 2012"]
[Source "ChessBase"]
[SourceDate "2011.11.24"]
[SourceVersion "1"]
[SourceVersionDate "2011.11.24"]
[SourceQuality "1"]

1. d4 d5 2. c3 Nf6 3. e3 c5 4. dxc5 e5 5. b4 Be7 6. Bb2 0-0 7. Nf3 Nc6 8. a3 Bg4 9. Be2 Qc7 10. h3 Bh5 11. Nh4 Bxe2 12. Qxe2 Rfe8 13. Nf5 Bf8 14. Nd2 g6 15. Ng3 Rad8 16. e4 Bh6 17. 0-0 Bf4 18. Rad1 Ne7 19. exd5 Nfxd5 20. Nde4 f5 21. Nd6 Rf8 22. c4 Nf6 23. Bxe5 Bxe5 24. Qxe5 Nc6 25. Qc3 f4 26. Nge4 Nh5 27. Ng5 Rf6 28. Rfe1 Qb8 29. Ne6 Rd7 30. Ne4 Rxe6 31. Rxd7 Ne5 32. Rd6 Re7 33. Nf6+ Nxf6 34. Rxe5 Rf7 35. Qe1 Kg7 36. Re7 Qc8 37. Qe5 1-0